| 000 | 00627nam a22001937a 4500 | ||
|---|---|---|---|
| 010 | _a419301 | ||
| 035 | _a419301 | ||
| 040 |
_aDPL _bEN |
||
| 082 |
_2973 _bHAR |
||
| 100 |
_aHarlow, Ralph Volney _9111161 |
||
| 245 |
_aThe United States: from wilderness to world power. _cby Ralph Volney Harlow; Nelson Manfred Blake |
||
| 250 | _a3rd ed | ||
| 260 |
_aNew York _bRinehart and Winston _c1961 |
||
| 300 |
_aix, 966p _c24cm(Hb) |
||
| 650 |
_aUnited States -- History. _927060 |
||
| 650 |
_aUnited States -- Civilization. _918467 |
||
| 700 |
_aBlake, Nelson Manfred _94509 |
||
| 942 |
_2ddc _cEN _h973 _m HAR |
||
| 999 |
_c135341 _d135341 |
||